| Tag |
First Indicator |
Second Indicator |
Subfields |
| LEADER |
00000cam a2200000 4500 |
| 001 |
in00000650430 |
| 005 |
20151015074653.0 |
| 008 |
740131s1935 nyua 00010 eng u |
| 010 |
|
|
|a 35014325
|
| 035 |
|
|
|a (OCoLC)00786831
|
| 035 |
|
|
|9 ACX3631AM
|
| 040 |
|
|
|c NED
|d TXA
|d UtOrBLW
|
| 049 |
|
|
|a TXAM
|c 1 [66501]
|c 2 [420964]
|
| 050 |
|
0 |
|a QD553
|b .D6
|
| 100 |
1 |
|
|a Dole, Malcolm,
|d 1903-1990.
|
| 245 |
1 |
0 |
|a Principles of experimental and theoretical electrochemistry /
|c by Malcolm Dole.
|
| 250 |
|
|
|a 1st ed.
|
| 264 |
|
1 |
|a New York,
|a London :
|b McGraw-Hill,
|c 1935.
|
| 300 |
|
|
|a xiii, 549 pages :
|b illustrations, diagrams ;
|c 21 cm.
|
| 336 |
|
|
|a text
|b txt
|2 rdacontent
|
| 337 |
|
|
|a unmediated
|b n
|2 rdamedia
|
| 338 |
|
|
|a volume
|b nc
|2 rdacarrier
|
| 490 |
1 |
|
|a International chemical series
|
| 650 |
|
0 |
|a Electrochemistry.
|
| 830 |
|
0 |
|a International chemical series.
|
| 999 |
|
|
|a MARS
|
| 999 |
f |
f |
|s 9b13fe51-7d24-32f0-b0ca-08716853b2db
|i 6138760b-3481-30bd-bfa2-de1ccbc0b679
|t 0
|
| 952 |
f |
f |
|p normal
|a Texas A&M University
|b College Station
|c Sterling C. Evans Library
|s Evans stk
|d Evans: Library Stacks
|t 0
|e QD553 .D6
|h Library of Congress classification
|i unmediated -- volume
|m A14804724629
|
| 998 |
f |
f |
|a QD553 .D6
|t 0
|l Evans: Library Stacks
|